000 00353nam a2200133Ia 4500
005 20260326235451.0
008 260326s9999||||xx |||||||||||||| ||und||
100 _aFonseca Martinez, Lorenzo
245 0 _aLos Colores de la calle /
_cLorenzo Fonseca Martinez
260 _bCarlos Valencia Editores
300 _a65 p.
650 _aCOLOMBIA
942 _cBK
999 _c7776
_d7776